Detalles MARC
| 000 -LÍDER |
| Campo fijo de descripción fija |
01845cam a2200433 a 4500 |
| 001 - NÚMERO DE CONTROL |
| Campo de control |
2352048 |
| 003 - IDENTIFICADOR DEL NÚMERO DE CONTROL |
| Campo de control |
CO-MdFUSB |
| 005 - FECHA Y HORA DE LA ULTIMA TRANSACCIÓN |
| control field |
20190202100354.0 |
| 008 - ELEMENTOS DE LONGITUD FIJA -- INFORMACIÓN GENERAL |
| Campo fijo de descripción fija -- Información general |
830328t1983 inu g b 000 0 eng |
| 010 ## - NÚMERO DE CONTROL DE LA BIBLIOTECA DEL CONGRESO |
| Número de control LC |
83047521 |
| 020 ## - NÚMERO INTERNACIONAL NORMALIZADO PARA LIBROS |
| Número Internacional Normalizado del libro |
0268009104 : |
| Términos de disponibilidad |
$16.95 |
| 040 ## - FUENTE DE CATALOGACIÓN |
| Agencia de catalogación original |
DLC |
| Agencia que realiza la transcripción |
CO-MdFUSB |
| Agencia que realiza la modificación |
CO-MdFUSB |
| -- |
CO-MdFUSB |
| -- |
DLC |
| Idioma de catalogación |
spa |
| Convenciones de la descripción |
rda |
| 041 ## - CÓDIGO DE IDIOMA |
| Código de idioma para texto/pista de sonido o título separado |
eng |
| 082 00 - NÚMERO DE CLASIFICACIÓN DECIMAL DEWEY |
| Número de la edición del Dewey |
24 |
| Número de clasificación |
G 212 |
| Clave de autor-Numero de item |
EX96e |
| 242 03 - TRADUCCIÓN DEL TÍTULO POR AGENCIA CATALOGADORA |
| Título |
La existencia y la naturaleza de Dios |
| Idioma del título original |
Inglés |
| 245 04 - TÍTULO |
| Título del Material |
The Existence and nature of God |
| Mención de responsabilidad, etc. |
/ editado con introducción por Alfred J. Freddoso |
| Parte restante del título - Subtitulo |
: |
| 264 #1 - PRODUCCIÓN, PUBLICACIÓN, DISTRIBUCIÓN, MANUFACTURA, Y COPYRIGHT |
| Lugar de producción, publicación, distribución, manufactura |
Notre Dame, Ind. : |
| Nombre del productor, publicador, distribuidor |
University of Notre Dame Press, |
| Fecha de producción, publicación, distribución, manufactura, o copyright |
℗1983 |
| 264 #4 - PRODUCCIÓN, PUBLICACIÓN, DISTRIBUCIÓN, MANUFACTURA, Y COPYRIGHT |
| Fecha de producción, publicación, distribución, manufactura, o copyright |
©1983 |
| 300 ## - DESCRIPCIÓN FÍSICA |
| Extensión |
viii, 190 páginas ; |
| Dimensiones |
23 cm. |
| Otros detalles físicos |
: |
| 336 ## - TIPO DE CONTENIDO |
| Fuente |
rdacontent |
| Término de tipo de contenido |
texto |
| Código de tipo de contenido |
txt |
| 337 ## - TIPO DE MEDIO |
| Fuente |
rdamedia |
| Nombre del tipo de medio |
sin mediación |
| Código del tipo de medio |
n |
| 338 ## - TIPO DE SOPORTE |
| Fuente |
rdacarrier |
| Nombre del tipo de soporte |
volumen |
| Código Tipo de soporte |
nc |
| 440 #0 - MENCIÓN DE SERIE /ASIENTO SECUNDARIO-- TITULO |
| Designación numérica/secuencial del volumen |
no. 3 |
| 490 ## - MENCIÓN DE SERIE |
| Mención de serie |
University of Notre Dame Studies in the philosophy of religion |
| 505 ## - NOTA DE CONTENIDO |
| Nota de contenido con formato preestablecido |
Introducción / Alfred J. Freddoso -- El poder excesivo y la responsabilidad de Dios por el pecado / Nelson Pike -- Una Teodicea del Cielo y el Infierno / Richard Swinburne -- La conservación divina, la creación continua y la acción humana / Philip L. Quinn -- El poder máximo / Thomas P. Flint y Alfred J. Freddoso -- Creación II / James F. Ross -- Meditación Descartes V Prueba de la existencia de Dios / Clement Dore -- Los nombres de Dios y el ser de los nombres / Mark D. Jordan |
| 650 #7 - ASIENTO SECUNDARIO DE MATERIA - TERMINO TEMÁTICO |
| Término temático o nombre geográfico como elemento de entrada |
Dios |
| Fuente del encabezamiento o término |
|
| 9 (RLIN) |
178 |
| 700 1# - ASIENTO SECUNDARIO - NOMBRE PERSONAL |
| Nombre personal |
Freddoso, Alfred J. |
| 720 ## - ASIENTO SECUNDARIO - NOMBRE NO CONTROLADO |
| Nombre |
Dore, Clement |
| 720 ## - ASIENTO SECUNDARIO - NOMBRE NO CONTROLADO |
| Nombre |
Flint, Thomas P. |
| 720 ## - ASIENTO SECUNDARIO - NOMBRE NO CONTROLADO |
| Nombre |
Jordan, Mark D. |
| 720 ## - ASIENTO SECUNDARIO - NOMBRE NO CONTROLADO |
| Nombre |
Pike, Nelson |
| 720 ## - ASIENTO SECUNDARIO - NOMBRE NO CONTROLADO |
| Nombre |
Quinn, Philip L. |
| 720 ## - ASIENTO SECUNDARIO - NOMBRE NO CONTROLADO |
| Nombre |
Ross, James F. |
| 720 ## - ASIENTO SECUNDARIO - NOMBRE NO CONTROLADO |
| Nombre |
Swinburne, Richard |
| 906 ## - LOCAL DATA ELEMENT F, LDF (RLIN) |
| a |
7 |
| b |
cbc |
| c |
orignew |
| d |
1 |
| e |
ocip |
| f |
19 |
| g |
y-gencatlg |
| 942 ## - TIPO DE MATERIAL (KOHA) |
| Tipo de Item KOHA |
Libros General |